000 01568nam a2200229Ia 4500
003 Ost
005 20260507075310.0
008 260507s9999||||xx |||||||||||||| ||und||
040 _cfsecg
041 _aara
082 _a330
100 _aعثمان، الأميرة ابراهيم
_eمؤلف
245 0 _aمحاسبة التكاليف لأغراض التخطيط و الرقابة و اتخاذ القرارات /
_c الأميرة ابراهيم عثمان
260 _aالاسكندرية:
_bالمكتب الجامعي الحديث,
_c2006
300 _a440 صفحة؛
_bإيضاحات ؛
_c24 سم
520 _a1) ضبط و رقابة الأداء بالتطرق الى استخدام المعايير كأداة رقابية ، تحليل إنحرافات الايرادات و الأرباح ، ضبط و رقابة تكلفة المواد المباشرة و الأجور المباشرة ، ضبط و رقابة التكاليف الصناعية غير المباشرة ، استخدام بعض الأساليب الاحصائية في الرقابة على التكاليف 2) استخدامات بيانات التكاليف في اتخاذ القرارات : تحليل علاقة التكلفة / الحجم / الربح ،تحليل التعادل في ظل حالات الخطر ، مداخل قياس تكلفة الانتاج.
653 _aاتخاذ القرارات
653 _aالرقابة
653 _aمحاسبة التكاليف
700 _a سالم، أحمد محمد كامل
_eمؤلف ثانوي
942 _cكتاب
999 _c43848
_d43848